000 00346nam a2200133Ia 4500
008 240624s9999 xx 000 0 und d
041 _aeng
082 _a519.536 SCH
100 _aSCHUMACKER RANDALL
245 _aUNDERSTANDING STATISTICS USING R
260 _c2013
_aLondon
_bSpringer
300 _axvi, : 289 : p. : cm. ; 23
365 _cERU
_b28
999 _c23198
_d23198